Dünya halk masalları / (Kayıt no. 23499)

MARC ayrıntıları
000 -BAŞLIK
Sabit Uzunluktaki Kontrol Alanı 00663nam a22002057a 4500
003 - KONTROL NUMARASI KİMLİĞİ
Kontrol Alanı koha_MIRAKIL
005 - EN SON İŞLEM TARİHİ ve ZAMANI
Kontrol Alanı 20260416102302.0
008 - SABİT UZUNLUKTAKİ VERİ ÖGELERİ - GENEL BİLGİ
Sabit Alan 260416b tur||||| |||| 00| 0 tur d
020 ## - ISBN - ULUSLARARASI STANDART KİTAP NUMARASI
Isbn 9789750727764
040 ## - KATALOGLAMA KAYNAĞI
Özgün Kataloglama Kurumu TR-IsEVY
Kataloglama Dili tur
Çeviri Kurumu TR-IsEVY
082 ## - DEWEY ONU SINIFLAMA SİSTEMİ
Sınıflama Numarası 398.2 BEH/D
100 ## - KİŞİ ADI
Yazar Adı (Kişi adı) Behramoğlu, Ataol
245 #0 - ESER ADI BİLDİRİMİ
Başlık Dünya halk masalları /
Sorumluluk Bildirimi Ataol Behramoğlu ; resimleyen Mustafa Delioğlu.
260 ## - YAYIN, DAĞITIM, VB.
Yayın Yeri İstanbul :
Yayınevi Can Sanat Yayınları,
Yayın Tarihi 2015.
300 ## - FİZİKSEL TANIMLAMA
Sayfa, Cilt vb. 108 s. :
Diğer fiziki detaylar renkli resimli ;
Boyutları 19 cm.
490 0# - DİZİ BİLDİRİMİ
Dizi Bildirimi Destanlar ve Masallar.
650 ## - KONU BAŞLIĞI EK GİRİŞ - KONU TERİMİ
Konusal terim veya coğrafi ad Halk Bilimi.
Alt başlık biçimi Dünya Halk Masalları.
700 1# - EK GİRİŞ - KİŞİ ADI
Yazar Adı (Kişi adı) Delioğlu, Mustafa.
Ünvan resimleyen.
942 ## - EK GİRİŞ ÖGELERİ (KOHA)
Source of classification or shelving scheme Dewey Decimal Classification
Koha item type Kitap
Mevcut
Kayıp Durumu Sınıflandırma Kaynağı Hasarlı Durumu Koleksiyon Kodu Kalıcı Konum Mevcut Konum Kayıt Tarih Edinim Kaynağı Toplam Ödünçverme Yer Numarası Demirbaş Numarası Son Görülme Tarihi Fatura Tarihi Materyal Türü
  Dewey Decimal Classification   İlkokul İLKOKUL KÜTÜPHANESİ İLKOKUL KÜTÜPHANESİ 16/04/2026 Bağış   398.2 BEH/D 25110 16/04/2026 16/04/2026 Kitap